00245nam a2200109Ia 4500008004100000100002300041245002000064250001100084260002300095300000900118650000800127191201s2010 xx 000 0 und d aLipschutz, Seymour 0aData Structures a19 Rep c2010bTMHaN.Delhi a9.27 aCSE